| 000 | 08452 a2200673 4500 | ||
|---|---|---|---|
| 005 | 20080819155215.0 | ||
| 008 | 080819t xxu||||| |||| 00| 0 eng d | ||
| 010 | _aB-270669-702 | ||
| 020 |
_a9788189766320 _c245.00 |
||
| 020 |
_a8189766325 _c245.00 |
||
| 035 | _aB-270669-702 | ||
| 037 | _aVitasta/182/08-09/27.5.08/103/16.5.08/5.6.08 | ||
| 040 |
_adpl _bEnglish |
||
| 082 | _a616.1206 | ||
| 100 | _aGuarneri, Mimi | ||
| 245 |
_aThe heart speaks: _ba cardiologist reveals the secret language of healing / _cby Mimi Guarneri |
||
| 260 |
_aNew Delhi _bVitasta Publishing _c2008 |
||
| 270 |
_a2/15, Ist Floor, Ansari Road, Darya Ganj _bNew Delhi _cDelhi _e110002 |
||
| 300 |
_axxiv, 229p. _c22cm (pbk) |
||
| 500 | _aIncludes references | ||
| 942 |
_adpl _cEN _2ddc _mGUA _h616.1206 |
||
| 999 |
_c20519 _d20519 |
||